000 00329nam a2200133Ia 4500
008 220217s9999||||xx |||||||||||||| ||und||
020 _a0-415-26995-4
082 _a425 PAL
100 _aBarrass, Robert
245 0 _aStudy!
260 _aRoutledge study guides
_bLondon
_c2007
300 _b225
650 _aGENERAL BOOKS
999 _c176297
_d176297